Gaming Quiz

Random Gaming or Computer Quiz

Computer Games Slideshow Quiz Stats

 Plays Quiz not verified by Sporcle

Challenge
Share
Tweet
Score 0/30 Timer 10:00
0 Plays Today
% Correct
Hitman: Codename 47
83.5%
BioShock
82.6%
Portal
80.9%
The Elder Scrolls V: Skyrim
76.5%
The Oregon Trail
72.2%
Lemmings
71.3%
Sim City
69.6%
Team Fortress 2
61.7%
Myst
60.9%
Half-Life
60.9%
DOOM II
60%
Grim Fandango
59.1%
Quake
59.1%
Sid Meier's Civilization
59.1%
Prince of Persia
59.1%
% Correct
Diablo
52.2%
Age of Empires
51.3%
Call of Duty 4: Modern Warfare
51.3%
Max Payne
49.6%
The Secret of Monkey Island
40.9%
Army Men II
35.7%
Zork: The Great Underground Empire
31.3%
Carmageddon
30.4%
Alone in the Dark
27%
The Incredible Machine
25.2%
Castle Wolfenstein
20%
Thief II: The Metal Age
20%
Ultima Online
15.7%
Phantasmagoria
11.3%
I Have No Mouth, and I Must Scream
11.3%

You're not logged in!

Compare scores with friends on all Sporcle quizzes.
Join for Free
OR
Log In

You Might Also Like...

Show Comments

Extras

Top Quizzes Today


Score Distribution

Your Account Isn't Verified!

In order to create a playlist on Sporcle, you need to verify the email address you used during registration. Go to your Sporcle Settings to finish the process.

Report this User

Report this user for behavior that violates our Community Guidelines.

Details: